000 00285nam a22001337a 4500
008 170207b xxu||||| |||| 00| 0 eng d
020 _ax000cryxwn
041 _aeng
080 _a61
100 _a3
101 _aSHM
245 _aMEDICAL TERMINOLOGY
_cBARBARA GYLYS
942 _2udc
_cBK
999 _c4783
_d4783